Contemporary Islam (E-Book) (Record no. 192984)

000 -LEADER
fixed length control field 01226 a2200289 4500
003 - CONTROL NUMBER IDENTIFIER
control field Nust
005 - DATE AND TIME OF LATEST TRANSACTION
control field 20170207154048.0
010 ## - LIBRARY OF CONGRESS CONTROL NUMBER
LC control number 2005034719
020 ## - INTERNATIONAL STANDARD BOOK NUMBER
International Standard Book Number 0415770114 (hardback : alk. paper)
020 ## - INTERNATIONAL STANDARD BOOK NUMBER
International Standard Book Number 0415770122 (pbk. : alk. paper)
040 ## - CATALOGING SOURCE
Transcribing agency Nust
082 00 - DEWEY DECIMAL CLASSIFICATION NUMBER
Classification number 297.09
100 ## - MAIN ENTRY--PERSONAL NAME
Personal name Abdul Aziz Said, Mohammed Abu-Nimer & Meena Sharify-Funk.
245 00 - TITLE STATEMENT
Title Contemporary Islam (E-Book)
Remainder of title dynamic, not static /
Statement of responsibility, etc. Abdul Aziz Said, Mohammed Abu-Nimer & Meena Sharify-Funk.
260 ## - PUBLICATION, DISTRIBUTION, ETC.
Place of publication, distribution, etc. New York, NY :
Name of publisher, distributor, etc. Routledge,
Date of publication, distribution, etc. 2006.
300 ## - PHYSICAL DESCRIPTION
Extent p. cm.
505 ## - FORMATTED CONTENTS NOTE
Formatted contents note PART I:The Many Voices of Islam (Page-15) PART II: Applied Ethics of Political Participation (Page-81) PART III: Applied Ethics of Peace and Nonviolence in Islam (Page-129) PART IV: Coexistence and Reconciliation (Page-213)
650 #0 - SUBJECT ADDED ENTRY--TOPICAL TERM
Topical term or geographic name entry element Islam
Chronological subdivision 21st century.
650 #0 - SUBJECT ADDED ENTRY--TOPICAL TERM
Topical term or geographic name entry element Islamic modernism.
650 #0 - SUBJECT ADDED ENTRY--TOPICAL TERM
Topical term or geographic name entry element Islamic renewal.
651 ## - SUBJECT ADDED ENTRY--GEOGRAPHIC NAME
Geographic name (E-Book)
700 1# - ADDED ENTRY--PERSONAL NAME
Personal name Abu-Nimer, Mohammed,
Dates associated with a name 1962-
700 1# - ADDED ENTRY--PERSONAL NAME
Personal name Said, Abdul Aziz.
700 1# - ADDED ENTRY--PERSONAL NAME
Personal name Sharify-Funk, Meena.
856 41 - ELECTRONIC LOCATION AND ACCESS
Materials specified Publisher description
Uniform Resource Identifier <a href="http://www.loc.gov/catdir/enhancements/fy0654/2005034719-d.html">http://www.loc.gov/catdir/enhancements/fy0654/2005034719-d.html</a>
856 41 - ELECTRONIC LOCATION AND ACCESS
Materials specified Table of contents only
Uniform Resource Identifier <a href="http://www.loc.gov/catdir/toc/ecip064/2005034719.html">http://www.loc.gov/catdir/toc/ecip064/2005034719.html</a>
942 ## - ADDED ENTRY ELEMENTS (KOHA)
Source of classification or shelving scheme
Koha item type Book
Holdings
Withdrawn status Lost status Source of classification or shelving scheme Damaged status Not for loan Collection code Permanent Location Current Location Date acquired Total Checkouts Full call number Barcode Date last seen Price effective from Koha item type
            Military College of Signals (MCS) Military College of Signals (MCS) 12/12/2016   297.09 AZI MCSEB-2582 12/08/2016 12/12/2016 Book
© 2023 Central Library, National University of Sciences and Technology. All Rights Reserved.